Cooperativas de mão-de-obra : (Record no. 1178)

MARC details
000 -LÍDER
Campo Fixo de Controle 00727nam a2200241 a 4500
001 - NÚMERO DE CONTROLE
Campo de Controle 1178
003 - IDENTIFICAÇÃO DO NÚMERO DE CONTROLE
Campo de Controle BR-CuiBMT
005 - DATA E HORA DA ÚLTIMA ATUALIZAÇÃO
Campo de Controle 20231130200011.0
008 - DADOS FIXOS
Dados Fixos 231130s2002 spb 000 0 por d
020 ## - INTERNATIONAL STANDARD BOOK NUMBER
Nº do ISBN 8536103019
040 ## - AGÊNCIA CATALOGADORA
Código da Agência Catalogadora BR-CuiBMT
Agência que transcreveu o registro BR-CuiBMT
080 ## - Nº DA CLASSIFICAÇÃO DECIMAL UNIVERSAL
Nº edição CDU 2007
Nº Class. CDU 34:334.73
090 ## - NÚMERO DE CHAMADA
Nº classificação 34:334.73
Cutter C271c
100 1# - ENTRADA PRINCIPAL -- AUTOR PESSOAL
Nome pessoal Carelli, Rodrigo de Lacerda,
Datas associadas ao nome 1973-
245 ## - TÍTULO PRINCIPAL
Título principal Cooperativas de mão-de-obra :
Subtítulo manual contra a fraude /
Indicação de responsabilidade Rodrigo de Lacerda Carelli.
260 ## - PUBLICAÇÃO, DISTRIBUIÇÃO, ETC.
Local de publicação São Paulo :
Editora LTr,
Data 2002.
300 ## - DESCRIÇÃO FÍSICA
N. páginas ou volumes 172 p.:
Dimensões 23 cm
504 ## - NOTA DE BIBLIOGRAFIA, ETC.
Nota de bibliografia Inclui bibliografia.
650 ## - ASSUNTO TÓPICO
Cabeçalho tópico ou nome geográfico Direito do trabalho
Subdivisão geográfica Brasil
650 ## - ASSUNTO TÓPICO
Cabeçalho tópico ou nome geográfico Cooperativas
Subdivisão geral Legislação
Subdivisão geográfica Brasil
650 ## - ASSUNTO TÓPICO
Cabeçalho tópico ou nome geográfico Terceirização
Subdivisão geográfica Brasil
942 ## - ELEMENTOS DE ENTRADA ADICIONAIS (KOHA)
Fonte de classificação ou esquema de arquivamento Classificação Decimal Universal
Tipo de item do Koha Livros
Holdings
Estado: removido Estado: perdido Fonte de classificação ou esquema de arquivamento Estado: danificado Indisponível para empréstimo Localização permanente Localização atual Data de aquisição Total Checkouts Número de Chamada completo Código de barras Date last seen Número do exemplar Preço efetivo a partir de Tipo de item (Koha)
    Classificação Decimal Universal     Biblioteca da Escola Superior de Contas do TCE/MT Biblioteca da Escola Superior de Contas do TCE/MT 26/04/2018   34:334.73 C271c BIBTCEMT23111399 30/11/2023 Ex. 1 30/11/2023 Livros

Powered by Koha